000 00529nam a22001457a 4500
008 230619b xxu||||| |||| 00| 0 eng d
082 _a304.67
_bMOPND
100 _cMinistry of Finance and planning
110 _bCentral Bureau of Statistics
245 _a1999 Population and Housing Census
_bCounting our people for Development Volume 1
_cPopulation Distribution By Administrative Areas and Urban Centrs
260 _akenya
_bCentral Bureau of Statistics
_cJanuary 2001
300 _a411p
440 _vvolume 1
942 _2ddc
_cBK
999 _c1358
_d1358